Lippincott's nursing procedures. (Record no. 31)

MARC details
000 -LEADER
fixed length control field 01511pam a22003734a 4500
005 - DATE AND TIME OF LATEST TRANSACTION
control field 20260322212003.0
008 - FIXED-LENGTH DATA ELEMENTS--GENERAL INFORMATION
fixed length control field data
010 ## - LIBRARY OF CONGRESS CONTROL NUMBER
LC control number 2008000920
020 ## - INTERNATIONAL STANDARD BOOK NUMBER
International Standard Book Number 9780781786898
020 ## - INTERNATIONAL STANDARD BOOK NUMBER
International Standard Book Number 0781786894
040 ## - CATALOGING SOURCE
Original cataloging agency DNLM
Transcribing agency DNLM
041 09 - LANGUAGE CODE
Language code of text/sound track or separate title eng
042 ## - AUTHENTICATION CODE
Authentication code pcc
044 ## - COUNTRY OF PUBLISHING/PRODUCING ENTITY CODE
-- United States
060 10 - NATIONAL LIBRARY OF MEDICINE CALL NUMBER
Classification number WY 100
Item number L765 2009
001 - CONTROL NUMBER
control field data
245 10 - TITLE STATEMENT
Title Lippincott's nursing procedures.
Statement of responsibility, etc. Lippincott Williams & Wilkins.
246 30 - VARYING FORM OF TITLE
Title proper/short title Nursing procedures
250 ## - EDITION STATEMENT
Edition statement 5th ed.
260 ## - PUBLICATION, DISTRIBUTION, ETC.
Place of publication, distribution, etc. Philadelphia :
Name of publisher, distributor, etc. Wolters Kluwer/Lippincott Williams & Wilkins,
Date of publication, distribution, etc. c2009.
300 ## - PHYSICAL DESCRIPTION
Extent ix, 949 p. :
Other physical details ill.
500 ## - GENERAL NOTE
General note Rev. ed. of: Nursing procedures. 4th ed. c2004.
504 ## - BIBLIOGRAPHY, ETC. NOTE
Bibliography, etc. note Includes bibliographical references and index.
505 0# - FORMATTED CONTENTS NOTE
Formatted contents note Fundamental procedures -- Infection control -- Specimen collection and testing -- Physical treatments -- Drug administration -- Intravascular therapy -- Cardiovascular care -- Respiratory care -- Neurologic care -- Gastrointestinal care -- Renal and urologic care -- Orthopedic care -- Skin care -- Eye, ear, and nose care -- Psychiatric care -- Maternal-neonatal care -- Pediatric care.
650 12 - SUBJECT ADDED ENTRY--TOPICAL TERM
Topical term or geographic name entry element Nursing Care
720 2# - ADDED ENTRY--UNCONTROLLED NAME
Name Lippincott Williams & Wilkins.
730 0# - ADDED ENTRY--UNIFORM TITLE
Uniform title Nursing procedures.
963 ## -
-- Karen J. Kirk; phone: 215-367-2170; email: [email protected]; bc: [email protected]
986 ## -
-- a061108
992 ## -
-- P1
-- E4
-- 20080611
993 ## -
-- BLJ
-- 20080615
994 ## -
-- CDN
-- 20080615
996 ## -
-- rev. CIP
-- 20080616
Holdings
Withdrawn status Lost status Damaged status Not for loan Home library Current library Shelving location Date acquired Total checkouts Full call number Barcode Date last seen Price effective from Koha item type
        Riverside Riverside General stacks 22/03/2026   GEN BC0010031 22/03/2026 22/03/2026 Books